Southville International School and Colleges
Your cart is empty.
  • Cart
  • Lists
    Public lists Eva Luna New books Lux_list list_1
    Your lists Log in to create your own lists
  • Log in to your account
  • Your cookies
  • Search history
Southville International School and Colleges
  • Advanced search
  • Recent comments
  • Most popular
  • Libraries

Log in to your account

Log in with GOOGLE


If you do not have an external account, but do have a local account, you can still log in:

  1. Home
  2. MARC view: Gentle discipline :
Normal view MARC view ISBD view

Gentle discipline : (Record no. 16106)

[ view plain ]
MARC details
000 -LEADER
fixed length control field 00584nam a22001937a 4500
005 - DATE AND TIME OF LATEST TRANSACTION
control field 20140310182807.0
008 - FIXED-LENGTH DATA ELEMENTS--GENERAL INFORMATION
fixed length control field 130215t xxu||||| |||| 00| 0 eng d
020 ## - INTERNATIONAL STANDARD BOOK NUMBER
International Standard Book Number 088166233X
050 ## - LIBRARY OF CONGRESS CALL NUMBER
Classification number HQ 769
Item number .L513 2001
100 ## - MAIN ENTRY--PERSONAL NAME
Personal name Lighter, Dawn.
245 ## - TITLE STATEMENT
Title Gentle discipline :
Remainder of title 50 effective techniques for teaching your children good behavior /
Statement of responsibility, etc Dawn Lighter.
260 ## - PUBLICATION, DISTRIBUTION, ETC. (IMPRINT)
Place of publication, distribution, etc Deephaven, MN :
Name of publisher, distributor, etc Meadowbrook Press,
Date of publication, distribution, etc 2001.
300 ## - PHYSICAL DESCRIPTION
Extent 107 p. :
Dimensions 22 cm.
521 ## - TARGET AUDIENCE NOTE
Target audience note
650 ## - SUBJECT ADDED ENTRY--TOPICAL TERM
Topical term or geographic name as entry element Child rearing
650 ## - SUBJECT ADDED ENTRY--TOPICAL TERM
Topical term or geographic name as entry element Discipline of children
942 ## - ADDED ENTRY ELEMENTS (KOHA)
Source of classification or shelving scheme Library of Congress Classification
Koha item type Books
Call number prefix Local
Holdings
Withdrawn status Lost status Source of classification or shelving scheme Damaged status Home library Current library Shelving location Date acquired Total Checkouts Full call number Barcode Date last seen Copy number Price effective from Koha item type
    Library of Congress Classification   College Library College Library General Circulation Section 02/15/2013   HQ 769 .L513 2001 C1373 05/15/2018 1 02/15/2013 Books

Gentle discipline :

APA

Lighter D., . (2001). Gentle discipline. Deephaven, MN: Meadowbrook Press.

Chicago

Lighter Dawn, . 2001. Gentle discipline. Deephaven, MN: Meadowbrook Press.

Harvard

Lighter D., . (2001). Gentle discipline. Deephaven, MN: Meadowbrook Press.

MLA

Lighter Dawn, . Gentle discipline. Deephaven, MN: Meadowbrook Press. 2001.

  • Place hold
  • Print
  • Cite
  • Add to your cart (remove)
  • Save record
    BIBTEX Dublin Core MARCXML MARC (non-Unicode/MARC-8) MARC (Unicode/UTF-8) MARC (Unicode/UTF-8, Standard) MODS (XML) RIS
  • More searches
    Search for this title in:
    Other Libraries (WorldCat) Other Databases (Google Scholar) Online Stores (Bookfinder.com) Open Library (openlibrary.org)

Exporting to Dublin Core...

SOUTHVILLE LIBRARY

Southville International School and Colleges Library

1281 Tropical Ave. Cor. Luxembourg St., BF Homes International, Las Pinas City

Tel. No. 8256374 / 252358 Loc. 117/146

Powered by Koha